Фелек стана мъж (Запис номер 141039)
[ съкратено ]
| 000 -Лидер | |
|---|---|
| Контролно поле с фиксирана дължина | nam a22 a 4500 |
| 003 - Код на организацията, давaща контролен номер | |
| Контролно поле | BLK |
| 005 - Дата и час на последна редакция | |
| Контролно поле | 20230111142542.0 |
| 008 - Елементи от данни с фиксирана дължина | |
| fixed length control field | 180409b bul|||||r ||||||| ||bul|| |
| 010 ## - Наследен системен номер | |
| LC control number | KNG00147108000 |
| 040 ## - Източник на каталожния запис | |
| Идентификатор на билиотеката - собственик на записа | BLK |
| 041 ## - Код за език | |
| Код за езика на текст/звукозапис или на отделно заглавие | Български |
| Код за езика КДБФ | Български |
| 080 ## - УДК | |
| Текстов определител УДК | Българска литература |
| УДК код - определител по УДК | 821.163.2 |
| УДК определител | -93-32 |
| УДК - код + определител | 821.163.2-93-32 |
| 100 1# - Редна дума - Автор | |
| Автор | Месечков, Недялко Спиров |
| Авторска отговорност | първи автор |
| R(LIN) | 327239 |
| 139 ## - Редно поле | |
| Редна дума | Месечков, Недялко Спиров |
| Авторски знак | Мес - М 50 |
| 245 10 - Сведения за заглавието | |
| Заглавие | Фелек стана мъж |
| Подзаглавни данни | Повест за деца |
| Редно поле (дума) | Недялко Спиров Месечков; худож. Румен Райчев. |
| 257 ## - Страна на издаване | |
| Страна на създаване/издаване | България |
| 260 ## - Област на издателските данни | |
| Място на издаване, разпространение и проч. | София |
| Име на издателя, разпространителя и проч. | Бълг. писател |
| Година на издаване | 1970 |
| 300 ## - Физическа характеристика | |
| Страници | 132 с. |
| Илюстрации и др. | с ил. |
| Размери/Мащаб | 20 см |
| 380 ## - Жанр | |
| Жанр | Детска худож. лит. |
| 500 ## - Общи забележки | |
| Забележка | 40 100 тир. - Съдържа и разкази и легенди. |
| 700 1# - Други автори (авторска отговорност) | |
| Лично име | Райчев, Румен |
| Автороска отговорност (Описва отношението между автора и произведението) | худож. |
| 9 (RLIN) | 379478 |
| 852 ## - Местоположение | |
| Форматна сигнатура | Цб 261516 |
| 856 4# - Електронен адрес и достъп | |
| Електронен формат | pdf - файл |
| Инструкция (цена за достъп) | 0.44 |
| Права за достъп | disable |
| 856 4# - Електронен адрес и достъп | |
| Електронен формат | pdf - файл |
| Инструкция (цена за достъп) | 0.44 |
| Права за достъп | disable |
| 999 ## - СИСТЕМНИ КОНТРОЛНИ НОМЕРА | |
| Koha biblionumber | 141039 |
| Koha biblioitemnumber | 141039 |
| 942 ## - АРТИКУЛИ | |
| Вид на библиотечния материал | Книги |
| Скрит в OPAC | Не |
| Периодичен библиозапис | Да |
| 944 ## - СЪЗДАВАНЕ И РЕДАКЦИЯ на ЗАПИСА | |
| Създаване/Редакция | Създаване |
| Дата на регистрацията/редакция | 24.07.2013 |
| Статус, дата на статуса | 24.07.2013 - от С1,Р / 24.07.2013 |
| Служител, извършил регистрацията/редакцията | Виктория_Петкова |
| 944 ## - СЪЗДАВАНЕ И РЕДАКЦИЯ на ЗАПИСА | |
| Създаване/Редакция | Редакция |
| Дата на регистрацията/редакция | 11.09.2017 |
| Статус, дата на статуса | 24.07.2013 - от С1,Р / 24.07.2013 |
| Служител, извършил регистрацията/редакцията | Пенка_Димитрова |
| 999 ## - СИСТЕМНИ КОНТРОЛНИ НОМЕРА | |
| Koha biblioitemnumber | 141039 |
| Код за отписване | Код за изгубен артикул | Източник на класификационната схема | Код за повреда | Коз за рестрикции | Код за отдаване | Артикулен № | Име на библиотеката - собственик | Име на библиотеката, в която се намира в момента | Статус (Текущо местоположение) | Дата на вписване в системата | Местоположение - отдел | Цена в лева | Инвентарен номер | Систематично азбучна сигнатура | Баркод | Номер на екземпляра | Цена в евро | Служебна бележка | Служебен тип на артикула | Бележка за публиката |
|---|---|---|---|---|---|---|---|---|---|---|---|---|---|---|---|---|---|---|---|---|
| Не е изгубен | Universal Decimal Classification | Не е повреден | без рестрикции | ползва се в читалня | 231896 | Регионална библиотека "Любен Каравелов" Русе | Регионална библиотека "Любен Каравелов" Русе | Хранилище | 1970-01-01 | Хранилище | 0.44 | 87021 | Цб 261516 | 120000087021 | 1 | 0.22 | Вид: Сф Дата: 01.01.1970 | Книги | ||
| Изтеглен | Не е изгубен | Не е повреден | без рестрикции | заемане за дома | 231897 | Регионална библиотека "Любен Каравелов" Русе | Регионална библиотека "Любен Каравелов" Русе | 1970-01-01 | Детски отдел | 0.44 | 86537 | ДХ 886.7/М 50 | 86537 | 2 | 0.22 | Вид: Сф Дата: 01.01.1970 Дата инв: 07.09.2015 Бележки инв: Д2015 | Книги | Отч.N: 26/2017 , Дата: 15.08.2017 |